000 02204nam a2200325Ia 4500
999 _c55587
_d55587
001 22669
003 GE_BSU
005 20230411155339.0
008 181216s ||||ge |||||||||||||| ||geo||
020 _a9789941099700
040 _cGE_BSU
041 _ageo
080 _a141.72+316.346.2 ფ-90
100 _aფრეიზერი, ნენსი
_917623
245 _aფემინიზმის თავგადასავალი :
_bსახელმწიფოს მიერ მართული კაპიტალიზმიდან ნეოლიბერალურ კრიზისამდე /
_cნენსი ფრეიზერი ; ინგლ. სტატიების თარგმანი გიორგი ჩუბინიძე ; სამეცნ. რედაქტორი: თამარ ცხადაძე ; დიზაინი დავით სიმონია.
264 _aთბილისი :
_bჰაინრიხ ბიოლის ფონდის სამხრეთ კავკასიის რეგიონული ბიურო [შპს სეზანი],
_c2017.
300 _a392 გვ. ;
_c24 სმ.
500 _aთავფურცელზე ავტორი აღნიშნული არ არის
501 _aპირთა საძიებელი : გვ. 387-389
504 _aბიბლიოგრ. : გვ. 363-385
520 _aთავფურცელზე ავტორი აღნიშნული არ არის.
541 _h5ლ.
653 _aსოციოლოგია
653 _aფემინიზმის თავგადასავალი
653 _aსახელმწიფოს მიერ მართული კაპიტალიზმიდან ნეოლიბერალურ კრიზისამდე
653 _aფემინისტური მოძრაობა
653 _a გენდერული თანასწორობა
700 _aცხადაძე, თამარ
_eრედაქტორი
_917624
942 _cBK
_2udc